<?xml version="1.0" encoding="UTF-8"?>
<record
    xmlns:xsi="http://www.w3.org/2001/XMLSchema-instance"
    xsi:schemaLocation="http://www.loc.gov/MARC21/slim http://www.loc.gov/standards/marcxml/schema/MARC21slim.xsd"
    xmlns="http://www.loc.gov/MARC21/slim">

  <leader>01558cam a2200241 i 4500</leader>
  <controlfield tag="001">17258955</controlfield>
  <controlfield tag="005">20130204131849.0</controlfield>
  <controlfield tag="008">120417t20122012njua     b    000 0 eng  </controlfield>
  <datafield tag="010" ind1=" " ind2=" ">
    <subfield code="a">  2012015862</subfield>
  </datafield>
  <datafield tag="020" ind1=" " ind2=" ">
    <subfield code="a">9781118343579 (pbk.)</subfield>
  </datafield>
  <datafield tag="082" ind1="0" ind2="0">
    <subfield code="a">621.384</subfield>
    <subfield code="2">23</subfield>
    <subfield code="b">GUI</subfield>
  </datafield>
  <datafield tag="245" ind1="0" ind2="2">
    <subfield code="a">A Guide to the Wireless Engineering Body of Knowledge (WEBOK) /</subfield>
    <subfield code="c">Andrzej Jajszczyk, Editor.</subfield>
  </datafield>
  <datafield tag="250" ind1=" " ind2=" ">
    <subfield code="a">Second edition.</subfield>
  </datafield>
  <datafield tag="300" ind1=" " ind2=" ">
    <subfield code="a">xi, 304 pages :</subfield>
    <subfield code="b">illustrations ;</subfield>
    <subfield code="c">28 cm</subfield>
  </datafield>
  <datafield tag="504" ind1=" " ind2=" ">
    <subfield code="a">Includes bibliographical references.</subfield>
  </datafield>
  <datafield tag="520" ind1=" " ind2=" ">
    <subfield code="a">"Responding to requests from industry for a program to ensure consistency and excellence among wireless technical professionals, the IEEE Communications Society (ComSoc) created its Wireless Communication Engineering Technologies (WCET) Certification. Many of the wireless experts who helped develop the WCET certification exam, the WEBOK, and ComSoc's wireless training courses, and helped update it in 2010, are editors or contributing authors to this book. Their inherent familiarity with the field and with each other as authors gives the WEBOK a credibility and a thoroughness that cannot be matched"--</subfield>
  </datafield>
  <datafield tag="520" ind1=" " ind2=" ">
    <subfield code="a">"The WCET was created by the IEEE Communications Society (IEEE ComSoc) to meet the continuing education needs of wireless communication professionals"--</subfield>
  </datafield>
  <datafield tag="650" ind1=" " ind2="0">
    <subfield code="a">Wireless communication systems.</subfield>
    <subfield code="9">32364</subfield>
  </datafield>
  <datafield tag="650" ind1=" " ind2="7">
    <subfield code="a">TECHNOLOGY &amp; ENGINEERING / Telecommunications.</subfield>
    <subfield code="2">bisacsh</subfield>
    <subfield code="9">32365</subfield>
  </datafield>
  <datafield tag="653" ind1=" " ind2=" ">
    <subfield code="b">Ele</subfield>
    <subfield code="c">February2013</subfield>
  </datafield>
  <datafield tag="700" ind1="1" ind2=" ">
    <subfield code="a">Jajszczyk, Andrzej,</subfield>
    <subfield code="e">editor of compilation.</subfield>
    <subfield code="9">32366</subfield>
  </datafield>
  <datafield tag="942" ind1=" " ind2=" ">
    <subfield code="2">ddc</subfield>
    <subfield code="c">BB</subfield>
  </datafield>
  <datafield tag="999" ind1=" " ind2=" ">
    <subfield code="c">17219</subfield>
    <subfield code="d">17191</subfield>
  </datafield>
  <datafield tag="952" ind1=" " ind2=" ">
    <subfield code="0">0</subfield>
    <subfield code="1">0</subfield>
    <subfield code="2">ddc</subfield>
    <subfield code="4">0</subfield>
    <subfield code="7">0</subfield>
    <subfield code="8">Academic</subfield>
    <subfield code="a">MAIN</subfield>
    <subfield code="b">MAIN</subfield>
    <subfield code="c">1ST</subfield>
    <subfield code="d">2013-02-04</subfield>
    <subfield code="e">purchase</subfield>
    <subfield code="g">479.00</subfield>
    <subfield code="h">2051299</subfield>
    <subfield code="l">1</subfield>
    <subfield code="o">621.384 GUI</subfield>
    <subfield code="p">000027999</subfield>
    <subfield code="r">2025-07-15 00:00:00</subfield>
    <subfield code="s">2016-02-08</subfield>
    <subfield code="y">BB</subfield>
  </datafield>
</record>
